000 00817nam a2200229Ii 4500
003 JO-AjNU
008 230605s9999||||xx |||||||||||||| ||und||
017 _a40921
020 _a978-9957-07-983-3
040 _aJO-AjNU
_bara
_erda
_cJO-AjNU
041 _aara
050 1 4 _aBF432.3.2013
100 3 _aGardner,Howard ،سعد، مراد علي عيسى/ترجمة,
_eauthor
_943005
245 0 0 _aالذكاءات المتعددة :آفاق جديدة = Multiple Intelligences :New Horizons
250 _aط1
264 3 1 _aعمان:دار الفكر ناشرون وموزعون ، 2013
300 _a272ص
_bالملاحق من ص 243-ص272
336 _atext
_btxt
_2rdacontent
337 _aunmediated
_bn
_2rdamedia
338 _avolume
_bnc
_2rdacarrier
650 4 _aالذكاءات المتعددة
_943006
999 _aA18457
_c22025
_d22025